| 000 | 01234cam a2200373 a 4500 | ||
|---|---|---|---|
| 001 | 2026 | ||
| 003 | FISKH | ||
| 005 | 20260304094104.0 | ||
| 008 | 970311s1997 njua b 000 0 eng | ||
| 010 | _a 97012271 | ||
| 020 | _a0816743894 | ||
| 020 | _a078073005994 | ||
| 020 | _a9780439635905 | ||
| 040 |
_aDLC _cDLC _dDLC _beng |
||
| 042 | _alcac | ||
| 043 | _an-us--- | ||
| 050 | 0 | 0 |
_aE77.4 _b.B78 1997 |
| 082 | 0 | 0 |
_a970/.00497 _221 |
| 100 | 1 |
_aBruchac, Joseph, _d1942- |
|
| 245 | 1 | 0 |
_aMany nations : _ban alphabet of Native America / _cby Joseph Bruchac ; illustrated by Robert F. Goetzl. |
| 260 |
_aNew York : _bScholastic, _c1997. |
||
| 300 |
_a32 unnumbered pages : _bcolor illustrations ; _c22 x 28 cm |
||
| 505 | _aM | ||
| 520 | _aIllustrations and brief text present aspects of the lives of the many varied native peoples across North America. | ||
| 521 | 8 |
_a580
_bLexile AD |
|
| 521 | 8 |
_aM
_bRaz-Plus |
|
| 650 | 0 |
_aIndians of North America _vJuvenile literature. |
|
| 650 | 0 | _aAlphabet books. | |
| 650 | 1 |
_aIndians of North America _vMiscellanea. |
|
| 650 | 1 | _aAlphabet. | |
| 700 | 1 |
_aGoetzl, Robert F., _eillustrator |
|
| 906 |
_a7 _bcbc _corignew _d1 _eocip _f19 _gy-gencatlg |
||
| 942 |
_2ddc _cBK _n0 |
||
| 999 |
_c2026 _d2026 |
||